| 000 | 00413nab a2200145Ia 4500 | ||
|---|---|---|---|
| 003 | ES-SlBCS | ||
| 005 | 20211208011006.0 | ||
| 008 | 140529s1982 xxu||||| |||| 00| 0 spa d | ||
| 041 | _aspa | ||
| 100 | 1 |
_aTrigo, Pedro _95394 |
|
| 245 | 0 | 0 |
_aHombre mítico, modernidad y liberación _c Pedro Trigo |
| 650 | 0 | 4 |
_aHombre Mítico _9220459 |
| 773 | 0 |
_tAnthropos _gvol. 3, nº. 4, 1982, págs. 60-79 _wRev38 |
|
| 942 | _cAR | ||
| 999 |
_c615324 _d615324 |
||